Historia de Europa desde la Revolución Francesa hasta nuestros días / (Record no. 170937)
[ view plain ]
| 000 -LEADER | |
|---|---|
| campo de control de longitud fija | 00925nam a22002175i 4500 |
| 001 - NÚMERO DE CONTROL | |
| campo de control | 170937 |
| 003 - IDENTIFICADOR DE NÚMERO DE CONTROL | |
| campo de control | ES-MaACL |
| 005 - FECHA Y HORA DE LA ÚLTIMA TRANSACCIÓN | |
| campo de control | 20231221145746.0 |
| 008 - DATOS DE LONGITUD FIJA--INFORMACIÓN GENERAL | |
| campo de control de longitud fija | 090417m18951901sp |||| | spa d |
| 080 ## - NÚMERO DE LA CLASIFICACIÓN DECIMAL UNIVERSAL | |
| Número de la Clasificación Decimal Universal | 94(4)"18" |
| 100 1# - ENTRADA PRINCIPAL--NOMBRE DE PERSONA | |
| Nombre de persona | Castelar, Emilio, |
| Fechas asociadas al nombre | 1832-1899 |
| 9 (RLIN) | 36479 |
| 245 10 - MENCIÓN DEL TÍTULO | |
| Título | Historia de Europa desde la Revolución Francesa hasta nuestros días / |
| Mención de responsabilidad, etc. | por Emilio Castelar ; [continuada bajo la dirección de Manuel Sales Ferré]. |
| 260 ## - PUBLICACIÓN, DISTRIBUCIÓN, ETC. | |
| Lugar de publicación, distribución, etc. | Madrid : |
| Nombre del editor, distribuidor, etc. | Felipe González Rojas, |
| Fecha de publicación, distribución, etc. | [1895-1901] |
| 300 ## - DESCRIPCIÓN FÍSICA | |
| Extensión | 6 v. : |
| Otras características físicas | lám. col. ; |
| Dimensiones | 33 cm. |
| 500 ## - NOTA GENERAL | |
| Nota general | Los vols. 5º y 6º con el título de Historia de Europa en el siglo XIX y continuada bajo la dirección de Manuel Sales Ferré. |
| 651 #4 - PUNTO DE ACCESO ADICIONAL DE MATERIA--NOMBRE GEOGRÁFICO | |
| Nombre geográfico | Europa- |
| Subdivisión general | Historia- |
| Subdivisión cronológica | 1789-1900. |
| 9 (RLIN) | 138070 |
| 700 1# - ENTRADA AGREGADA--NOMBRE PERSONAL | |
| Nombre de persona | Sales Ferré, Manuel. |
| 9 (RLIN) | 101880 |
| 740 0# - ENTRADA AGREGADA--TÍTULO RELACIONADO/ANALÍTICO NO CONTROLADO | |
| Título relacionado o analítico no controlado | Historia de Europa en el siglo XIX. |
| 852 ## - LOCALIZACIÓN | |
| Ubicación | ES-MaACL |
| Número de control de estantería | G-5398-5403 |
| itemnumber | R.144053 |
| Estatus retirado | Estado de pérdida | Estado de daño | No para préstamo | Colección | Biblioteca de origen | Biblioteca actual | Ubicación en estantería | Fecha de adquisición | Fuente de adquisición | Total de préstamos | Signatura topográfica completa | Código de barras | Visto por última vez | Precio de reemplazo | Tipo de ítem Koha |
|---|---|---|---|---|---|---|---|---|---|---|---|---|---|---|---|
| Libros del s. XIX | Biblioteca del Ateneo de Madrid | Biblioteca del Ateneo de Madrid | Depósito 2 | 17/04/2009 | G-5398-5403 | 1179398 | 23/02/2023 | 23/02/2023 | Libro impreso antiguo |
